000 01689nam a22004217a 4500
003 CHAP
005 20220329143429.0
008 090707s2009 mx r 00010 spa d
010 _a96483
011 _a97455
035 _a108123
040 _cCHAP
090 _aTesis
100 1 _aTorres Moreno, Miriam
_9114180
245 1 0 _aEfecto de la suplementación de glutamato sobre la pubertad y los niveles sericos de insulina en cabras en el norte de México
_c/por Miriam Torres Moreno
260 _aBermejillo, Dgo. :
_bEl autor,
_c2009
300 _axiii, 93 h. :
_bcuadros, gráfs.
502 _aTesis (M.C.en Recursos Naturales y Medio Ambiente en Zonas Áridas) -- UACH. Unidad Regional Universitaria de Zonas Áridas
530 _aTambién disponible en línea
590 _aALEPH
_b10
_c20130110
_lUCH01
_h1529
590 _aBATCH-UPD
_b10
_c20130110
_lUCH01
_h1313
590 _aBATCH-UPD
_b10
_c20130410
_lUCH01
_h0826
590 _aBATCH-UPD
_b10
_c20130914
_lUCH01
_h1509
590 _aBATCH-UPD
_b10
_c20140324
_lUCH01
_h1512
590 _aBATCH-UPD
_b10
_c20141002
_lUCH01
_h0840
590 _aCONVERSION
_b10
_c20130109
_lUCH01
_h1353
650 1 4 _aAminoacidos en nutricion animal.
_95342
650 1 4 _aGanado cabrío
_xAlimentación.
_944990
650 1 4 _aGanado cabrío
_xDurango.
_945004
650 1 4 _aGanado cabrío
_xReproducción.
_945043
650 1 4 _aGlutamato.
_948337
856 _3Finding aid
_uhttp://10.13.5.2/tesis/108123.pdf
_zTeclea aqui
901 _aBK
911 _aen proceso
942 _cFOLL
949 _aTesis
_bBC
_cTES
_d33724002094421
_eTS1
_gDonaciØn
_h49372
_i108123
_sb
949 _aTEsis
_bBC
_cTES
_d33724002095199
_eTS2
_fc.2
_gDonaciØn
_h49373
_i108123
_sb
999 _c96483
_d96483